000 01262cam a2200373 a 4500
001 3173
003 FISKH
005 20250403161658.0
008 111219s2012 nyua c 000 1 eng
010 _a 2011945710
020 _a9780061985782 (lib. bdg.)
020 _a9780061779961 (trade bdg.)
020 _a9780545517683
040 _aDLC
_cDLC
_beng
042 _apcc
_alcac
050 0 0 _aPZ7.C88135
_bLeg 2012
082 0 0 _a[Fic]
_223
100 1 _aCronin, Doreen.
245 1 4 _aThe legend of Diamond Lil :
_ba J.J. Tully mystery /
_cDoreen Cronin ; illustrated by Kevin Cornell.
250 _aFirst Scholastic printing, January 2013
260 _aNew York :
_bScholastic,
_c2012
300 _a125 pages :
_billustrations ;
_c20 cm
505 _aO
520 _aA hard-bitten former search-and-rescue dog faces more problems with the fancy new dog next door and a possum heading for the chicken coop.
521 _a630
_bLexile NC
521 _aO
_bRaz-Plus
650 1 _aDogs
_vFiction.
650 1 _aChickens
_vFiction.
650 1 _aHumorous stories.
650 1 _aMystery and detective stories.
700 1 _aCornell, Kevin,
_eillustrator
906 _a7
_bcbc
_corignew
_d2
_eepcn
_f20
_gy-gencatlg
942 _2ddc
_cBK
_n0
999 _c3173
_d3173